Snachy za všechny prachy /
Humorný román ve Francii oblíbené spisovatelky o jedné velké rodině, která se sejde o Vánocích.
Uloženo v:
| Hlavní autor: | |
|---|---|
| Další autoři: | |
| Médium: | E-kniha |
| Jazyk: | Czech |
| Vydáno: |
V Brně :
Jota,
2021
|
| Vydání: | První vydání |
| Témata: | |
| Tagy: |
Žádné tagy |
| LEADER | 02370nam a2200421 i 4500 | ||
|---|---|---|---|
| 001 | 302393 | ||
| 003 | CZ PrSKC | ||
| 005 | 20260512063242.0 | ||
| 007 | ta | ||
| 008 | 210308s2021 xr g 000 f cze | ||
| 015 | |a cnb003311547 | ||
| 020 | |a 9788075658463 |q (vázáno) | ||
| 035 | |a (OCoLC)1257529881 | ||
| 040 | |a ABG001 |b cze |e rda | ||
| 041 | 1 | |a cze |h fre | |
| 072 | 7 | |a 821.133.1-3 |x Francouzská próza, francouzsky psaná |2 Konspekt | |
| 080 | |a 821.133.1-31 |2 MRF | ||
| 080 | |a (0:82-311.5) |2 MRF | ||
| 100 | 1 | |a Valognes, Aurélie, |d 1983- |7 xx0250217 |4 aut | |
| 240 | 1 | 0 | |a Nos adorables belles-filles. |l Česky |
| 245 | 1 | 0 | |a Snachy za všechny prachy / |c Aurélie Valognesová ; z francouzského originálu Nos adorables belles-filles ... přeložila Kateřina Štáblová |
| 250 | |a První vydání | ||
| 264 | 1 | |a V Brně : |b Jota, |c 2021 | |
| 300 | |a 226 stran ; |c 21 cm | ||
| 336 | |a text |b txt |2 rdacontent | ||
| 337 | |a bez média |b n |2 rdamedia | ||
| 338 | |a svazek |b nc |2 rdacarrier | ||
| 520 | 2 | |a Humorný román ve Francii oblíbené spisovatelky o jedné velké rodině, která se sejde o Vánocích. |b Vtipná komedie o rodinných vztazích. Le Guennecovi mají tři syny. Žádnou dceru. Na Vánoce jsou všichni synové pozváni na večeři, samozřejmě i se svými partnerkami. Nicolas poprvé přivede svou přítelkyni Jeanne. Matthieu přijde se Stephanií a Alexandr s Laurou. Po pár soustech se ale večeře mění v peklo na zemi: Laura je veganka a jako předkrm se podává zvěřina a foie gras. Stephanie je těhotná, důsledně se tedy vyhýbá alkoholu. A Jacques, hlava této velké rodiny, dělá jeden trapas za druhým. Nakladatelská anotace. Kráceno. | |
| 655 | 7 | |a francouzské romány |7 fd132289 |2 czenas | |
| 655 | 7 | |a humoristické romány |7 fd132431 |2 czenas | |
| 655 | 9 | |a French fiction |2 eczenas | |
| 655 | 9 | |a humorous novels |2 eczenas | |
| 700 | 1 | |a Štáblová, Kateřina, |d 1977- |7 xx0238482 |4 trl | |
| 900 | |a ABA001 |b 20 | ||
| 044 | |a xr | ||
| 910 | |a RBIT002 | ||
| 998 | |d 312979 |a https://core.palmknihy.cz/api/books/312979/cover?qpg420 |b https://core.palmknihy.cz/api/books/312979/cover/400?qpg420 |c https://core.palmknihy.cz/api/books/312979/cover/50?qpg420 |e 2026-06-20 |g 231 |i 9788075658463 |j https://core.palmknihy.cz/api/books/312979/preview.epub |l |q 49 |r 1 |s https://www.palmknihy.cz/kniha/312979 |t ebook |y 2021 |z 0 | ||
| 999 | |d 302391 | ||